ბათუმის შოთა რუსთაველის სახელმწიფო უნივერსიტეტის ბიბლიოთეკა

ბათუმის ბოტანიკურ ბაღში ინტროდუცირებული ჰამამელისებრთა - Hamamelidacede ოჯახის სახეობების ადაპტაციის თავისებურებანი : დისერტაცია / (ბიბ.ჩანაწერი № 51701)

000 -ლიდერი
ფიქსირებული სიგრძის საკონტროლო ველი 01842nam a2200253Ia 4500
001 - საკონტროლო ნომერი
საკონტროლო ველი 18692
003 - საკონტროლო ნომრის იდენტიფიკატორი
საკონტროლო ველი GE_BSU
005 - ბოლო ოპერაციის თარიღი და დრო
საკონტროლო ველი 20220920163348.0
008 - ფიქსირებული სიგრძის მონაცემთა ელემენტები - ზოგადი ინფორმაცია
ფიქსირებული სიგრძის საკონტროლო ველი 181216s2008||||ge |||||||||||||| ||geo||
040 ## - კატალოგიზაციის წყარო
Transcribing agency GE_BSU
041 ## - ენის კოდი
Language code of text/sound track or separate title geo
080 ## - უნივერსალური ათობითი კლასიფიკაციის ინდექსი
Universal Decimal Classification number 58 მ-59
100 ## - მთავარი ჩანაწერი - პიროვნების სახელი
Personal name მეტრეველი, მ.
9 (RLIN) 10672
245 ## - ცნობა სათაურის შესახებ
Title ბათუმის ბოტანიკურ ბაღში ინტროდუცირებული ჰამამელისებრთა - Hamamelidacede ოჯახის სახეობების ადაპტაციის თავისებურებანი : დისერტაცია /
Statement of responsibility, etc მ. მეტრეველი; მეცნ. ხელმძღვანელი ვ. პაპუნიძე. ა. ციცვიძე; ბათუმის შოთა რუსთაველის სახ-ფო უნ-ტი.
264 ## - წარმოების, გამოცემის, დისტრიბუციის და სხვა ცნობები
გამოცემის, წარმოების, დისტრიბუციის... ადგილი ბათუმი :
გამოცემის, წარმოების, დისტრიბუციის... სახელწოდება ბათუმის შოთა რუსთაველის სახ. უნ-ტი,
გამოცემის, წარმოების, დისტრიბუციის... თარიღი 2008.
300 ## - ფიზიკური აღწერა
Extent 144 გვ. ;
Other physical details 41 ფ.ილ.,
Dimensions 30 სმ.
653 ## - INDEX TERM--UNCONTROLLED
Uncontrolled term ბათუმის ბოტანიკურ ბაღში ინტროდუცირებული ჰამამელისებრთა-Hamamelidacede ოჯახის სახეობების ადაპტაციის თავისებურებანი.
653 ## - INDEX TERM--UNCONTROLLED
Uncontrolled term ბოტანიკა
653 ## - INDEX TERM--UNCONTROLLED
Uncontrolled term დისერტაცია
700 ## - ADDED ENTRY--PERSONAL NAME
Personal name პაპუნიძე, ვ.
Relator term მეცნ. ხელმძღვანელი
9 (RLIN) 2537
700 ## - ADDED ENTRY--PERSONAL NAME
Personal name ციცვიძე, ა.
Relator term მეცნ. ხელმძღვანელი
9 (RLIN) 10673
710 ## - ADDED ENTRY--CORPORATE NAME
Corporate name or jurisdiction name as entry element ბათუმის შოთა რუსთაველის სახ-ფო უნ-ტი.
9 (RLIN) 10674
942 ## - ADDED ENTRY ELEMENTS (KOHA)
Koha item type წიგნი
Source of classification or shelving scheme
ეგზემპლარები
ჩამოწერის სტატუსი დაკარგული ეგზემპლარის სტატუსი კლასიფიკაციის წყარო ან თაროზე გაწყობის სქემა დაზიანების სტატუსი არ გაიცემა მუდმივი მდებარეობა (დაცვის ადგილი) ამჟამინდელი ადგილსამყოფელი თაროზე განთავსების ადგილი შეძენის თარიღი სრული შენახვის შიფრი შტრიხკოდი ბოლო ოპერაციის თარიღი ეგზემპლარის მიმდევრობითი ნომერი (კეტერი?) ფასის ძალაში შესვლის თარიღი ეგზემპლარის სახეობა
          ბათუმის შოთა რუსთაველის სახელმწიფო უნივერსიტეტის მთავარი ბიბლიოთეკა ბათუმის შოთა რუსთაველის სახელმწიფო უნივერსიტეტის მთავარი ბიბლიოთეკა წიგნსაცავი 2018-12-17 58 მ-59 66 დისერტ. 2018-12-17 66 2018-12-17 დისერტაცია